[Event "ITA-ch sf 71st"]
[Site "Acqui Terme"]
[Date "2011.07.22"]
[Round "7"]
[White "Ferri, Stefano"]
[Black "Parrella, Alfredo"]
[Result "1-0"]
[WhiteElo "2207"]
[BlackElo "2051"]
[PlyCount "81"]
[EventDate "2011.07.17"]
[EventType "swiss"]
[EventRounds "9"]
[EventCountry "ITA"]
[SourceTitle "EXT 2013"]
[Source "ChessBase"]
[SourceDate "2012.11.22"]
[SourceVersion "1"]
[SourceVersionDate "2012.11.22"]
[SourceQuality "1"]

1. e4 c5 2. Nf3 d6 3. c3 Nf6 4. Be2 Nc6 5. d4 cxd4 6. cxd4 Nxe4 7. d5 Qa5+ 8. Nc3 Nxc3 9. bxc3 Nd8 10. 0-0 g6 11. Qd4 f6 12. Rb1 Bg7 13. Bb5+ Kf7 14. Re1 Qc7 15. Ba3 h6 16. Qe3 f5 17. Nd4 Bf6 18. Rb4 a6 19. Be2 Kg7 20. Rc4 Qa5 21. Bb4 Qxd5 22. Rc7 Nf7 23. Bc4 Qe4 24. Qd2 Qg4 25. Be2 Bg5 26. Qd1 Qf4 27. Bf3 Qh4 28. g3 Qh3 29. Bg2 Qg4 30. f3 Qh5 31. h4 Bf6 32. Rxc8 Bxd4+ 33. Qxd4+ e5 34. Rxh8 Rxh8 35. Qd5 f4 36. Bxd6 Re8 37. gxf4 Qxh4 38. Bxe5+ Kg8 39. Qe4 Kh7 40. Rd1 Nxe5 41. fxe5 1-0

[Event "Crikvenica Nov"]
[Site "Crikvenica"]
[Date "2008.11.25"]
[Round "10"]
[White "Ferri, Stefano"]
[Black "Buli, Vangjel"]
[Result "1/2-1/2"]
[WhiteElo "2170"]
[BlackElo "2359"]
[PlyCount "86"]
[EventDate "2008.11.21"]
[EventType "tourn"]
[EventRounds "10"]
[EventCountry "CRO"]
[EventCategory "2"]
[SourceTitle "EXT 2010"]
[Source "ChessBase"]
[SourceDate "2010.11.25"]
[SourceVersion "1"]
[SourceVersionDate "2010.11.25"]
[SourceQuality "1"]

1. d4 Nc6 2. e4 d5 3. Nc3 dxe4 4. d5 Ne5 5. Qd4 Ng6 6. Qxe4 Nf6 7. Qa4+ Bd7 8. Qb3 Qc8 9. Nf3 a6 10. a4 e5 11. dxe6 Bxe6 12. Bc4 Bxc4 13. Qxc4 Bd6 14. 0-0 0-0 15. Bg5 Qg4 16. Qb3 Ne5 17. Nxe5 Qxg5 18. f4 Qf5 19. Rae1 b6 20. h3 Rad8 21. Nd3 Rfe8 22. Qc4 Qc8 23. Ne5 Re7 24. Nc6 Rxe1 25. Rxe1 Re8 26. Ne5 Re6 27. Re2 Re7 28. Kh2 Qe8 29. g3 Bxe5 30. fxe5 Rxe5 31. Qxa6 g6 32. Qc4 Kg7 33. Rxe5 Qxe5 34. Kg2 h6 35. Qf4 Qe1 36. Qf1 Qd2+ 37. Qf2 Qc1 38. b3 c5 39. Qe2 Qg5 40. Qd3 h5 41. Qd6 Qc1 42. Qd1 Qg5 43. Qd6 Qc1 1/2-1/2

[Event "Crikvenica Nov"]
[Site "Crikvenica"]
[Date "2008.11.24"]
[Round "7"]
[White "Mrdja, Milan"]
[Black "Ferri, Stefano"]
[Result "1/2-1/2"]
[WhiteElo "2401"]
[BlackElo "2170"]
[PlyCount "48"]
[EventDate "2008.11.21"]
[EventType "tourn"]
[EventRounds "10"]
[EventCountry "CRO"]
[EventCategory "2"]
[SourceTitle "EXT 2010"]
[Source "ChessBase"]
[SourceDate "2010.11.25"]
[SourceVersion "1"]
[SourceVersionDate "2010.11.25"]
[SourceQuality "1"]

1. e4 d5 2. exd5 Nf6 3. d4 Bg4 4. Be2 Bxe2 5. Qxe2 Qxd5 6. Nf3 Nc6 7. c4 Qe4 8. Nc3 Qxe2+ 9. Kxe2 e6 10. Bf4 0-0-0 11. Rhd1 Bb4 12. Rac1 b6 13. Be5 Kb7 14. Bxf6 gxf6 15. a3 Bxc3 16. Rxc3 Rhe8 17. Re3 Rg8 18. g3 Na5 19. b3 Kc6 20. Rd2 b5 21. Rc3 bxc4 22. b4 Nb7 23. Rxc4+ Kd7 24. Rcc2 Nd6 1/2-1/2

[Event "Crikvenica Nov"]
[Site "Crikvenica"]
[Date "2008.11.22"]
[Round "4"]
[White "Ferri, Stefano"]
[Black "Mrksic, Branko"]
[Result "1-0"]
[WhiteElo "2170"]
[BlackElo "2223"]
[PlyCount "85"]
[EventDate "2008.11.21"]
[EventType "tourn"]
[EventRounds "10"]
[EventCountry "CRO"]
[EventCategory "2"]
[SourceTitle "EXT 2010"]
[Source "ChessBase"]
[SourceDate "2010.11.25"]
[SourceVersion "1"]
[SourceVersionDate "2010.11.25"]
[SourceQuality "1"]

1. d4 Nf6 2. c4 g6 3. Nc3 Bg7 4. e4 d6 5. Nf3 0-0 6. Be2 e5 7. 0-0 Nc6 8. dxe5 dxe5 9. Qxd8 Rxd8 10. Nd5 Nxd5 11. cxd5 Nd4 12. Nxd4 exd4 13. Bd3 c5 14. f4 Bd7 15. b3 Rac8 16. Ba3 a6 17. Rac1 Bf8 18. e5 b5 19. d6 b4 20. Bb2 Bb5 21. Bc4 Kg7 22. h3 h5 23. Rfe1 Rb8 24. Bd5 Rdc8 25. a4 Bd7 26. Rc4 Kg8 27. Rec1 Bh6 28. Rxc5 d3 29. Rxc8+ Bxc8 30. Rd1 Bxf4 31. Rxd3 Bf5 32. Rf3 Bg5 33. Bc4 Rb6 34. Bd4 Rc6 35. Kf2 Be6 36. Bxe6 fxe6 37. Ke2 Rc2+ 38. Kd3 Rxg2 39. Be3 Bd8 40. d7 Rh2 41. Bc5 Kg7 42. Bf8+ Kg8 43. Bxb4 1-0

[Event "Porto San Giorgio op 20th"]
[Site "Porto San Giorgio"]
[Date "2008.08.23"]
[Round "3"]
[White "Faccia, Sergio"]
[Black "Ferri, Stefano"]
[Result "0-1"]
[WhiteElo "2035"]
[BlackElo "2146"]
[PlyCount "88"]
[EventDate "2008.08.21"]
[EventType "swiss"]
[EventRounds "9"]
[EventCountry "ITA"]
[SourceTitle "CBM 126 Extra"]
[Source "ChessBase"]
[SourceDate "2008.11.05"]
[SourceVersion "1"]
[SourceVersionDate "2008.11.05"]
[SourceQuality "1"]

1. e4 d5 2. exd5 Nf6 3. d4 Bg4 4. f3 Bf5 5. Bc4 Nxd5 6. Ne2 e6 7. 0-0 Be7 8. Ng3 Bg6 9. Bb3 0-0 10. c4 Nb4 11. Be3 N8c6 12. Nc3 Na5 13. Rc1 c6 14. f4 Qd7 15. Nce4 b6 16. Ba4 Nxa2 17. Ra1 Nb4 18. Qe2 h5 19. Nf2 h4 20. Nge4 Rad8 21. Rfd1 Qb7 22. Nc3 a6 23. Rd2 Rc8 24. h3 Rfd8 25. Ng4 Qc7 26. Ne5 Bf5 27. Rad1 b5 28. cxb5 cxb5 29. Bc2 Nxc2 30. Rxc2 Bxc2 31. Rc1 Bf5 32. Qh5 g6 33. Qh6 Bf8 34. Qxh4 Qe7 35. Qe1 Nc4 36. Bf2 b4 37. Na4 Nxe5 38. Rxc8 Nf3+ 39. gxf3 Rxc8 40. Nc5 Qc7 41. Qxb4 Qxf4 42. Qb7 Rb8 43. Qxa6 Rxb2 44. Nd7 Bxh3 0-1

[Event "ITA-ch sf"]
[Site "Saint Vincent"]
[Date "2008.07.22"]
[Round "3"]
[White "Ferri, Stefano"]
[Black "Cocchi, Andrea"]
[Result "1/2-1/2"]
[WhiteElo "2146"]
[BlackElo "2323"]
[PlyCount "109"]
[EventDate "2008.07.19"]
[EventType "swiss"]
[EventRounds "9"]
[EventCountry "ITA"]
[SourceTitle "EXT 2009"]
[Source "ChessBase"]
[SourceDate "2008.11.26"]
[SourceVersion "1"]
[SourceVersionDate "2008.11.26"]
[SourceQuality "1"]

1. d4 d5 2. Nf3 Nf6 3. g3 e6 4. c4 Bb4+ 5. Bd2 Be7 6. Bg2 0-0 7. 0-0 c6 8. b3 Nbd7 9. Bc3 b6 10. Nbd2 Bb7 11. Qc2 Rc8 12. Qb2 Qc7 13. Rac1 dxc4 14. bxc4 c5 15. e3 Bc6 16. Rfe1 Qb7 17. e4 cxd4 18. Nxd4 Ne8 19. Nf1 Nc5 20. Qe2 Bd7 21. e5 Qc7 22. Ne3 Na4 23. Ba1 Bc5 24. Nb5 Qb8 25. Qd1 Bxe3 26. Rxe3 Bxb5 27. cxb5 Rxc1 28. Qxc1 Nc7 29. Bc6 Rd8 30. Qc2 Nc5 31. f4 a6 32. a4 a5 33. f5 exf5 34. Rf3 N7e6 35. Qxf5 Qc7 36. Qg4 Rd1+ 37. Rf1 Rd3 38. Be8 Nd8 39. Qf5 Qe7 40. Bc6 Nxc6 41. bxc6 Rd8 42. Rc1 h6 43. Bb2 Qe6 44. Qxe6 Nxe6 45. Ba3 Rc8 46. Kf2 f6 47. exf6 gxf6 48. Ke3 f5 49. Bd6 Kf7 50. c7 Ke8 51. Bf4 Kd7 52. Rd1+ Ke7 53. Rc1 Kd7 54. Rd1+ Ke7 55. Rc1 1/2-1/2

[Event "ITA-ch sf"]
[Site "Saint Vincent"]
[Date "2008.07.22"]
[Round "4"]
[White "Sbarra, Marco"]
[Black "Ferri, Stefano"]
[Result "0-1"]
[WhiteElo "2236"]
[BlackElo "2146"]
[PlyCount "114"]
[EventDate "2008.07.19"]
[EventType "swiss"]
[EventRounds "9"]
[EventCountry "ITA"]
[SourceTitle "EXT 2009"]
[Source "ChessBase"]
[SourceDate "2008.11.26"]
[SourceVersion "1"]
[SourceVersionDate "2008.11.26"]
[SourceQuality "1"]

1. d4 Nf6 2. c4 g6 3. Nc3 d5 4. e3 Bg7 5. Nf3 0-0 6. Be2 c5 7. 0-0 cxd4 8. exd4 Nc6 9. h3 dxc4 10. Bxc4 a6 11. a3 b5 12. Ba2 Bb7 13. d5 Na5 14. Ne5 Rc8 15. Bg5 Nc4 16. Bxc4 bxc4 17. Nc6 Bxc6 18. dxc6 Qxd1 19. Raxd1 Rxc6 20. Bxf6 Bxf6 21. Nd5 Kg7 22. Nxf6 Kxf6 23. Rfe1 Rd6 24. Rc1 Rc8 25. Rc3 Rd3 26. Rec1 Rxc3 27. Rxc3 Ke5 28. Re3+ Kd6 29. Kf1 e5 30. Ke1 Rb8 31. Re2 Rb5 32. Kd1 Rd5+ 33. Kc2 Kc5 34. Re3 Kd4 35. b3 cxb3+ 36. Rxb3 e4 37. Rb4+ Ke5 38. Rb7 Ke6 39. Rb4 f5 40. h4 Ke5 41. Rb7 Ra5 42. Rb3 f4 43. Kd2 Ra4 44. Rc3 Kd4 45. g3 f3 46. Rb3 Ra5 47. Rb4+ Kd5 48. Rb3 Rb5 49. Rc3 Kd4 50. Rc8 Rb2+ 51. Ke1 Re2+ 52. Kf1 Ra2 53. Rd8+ Ke5 54. Re8+ Kf5 55. Rf8+ Kg4 56. Rf4+ Kh3 57. Rxe4 Rxa3 0-1

[Event "Porto Sant Elpidio op-A 10th"]
[Site "Porto Sant Elpidio"]
[Date "2007.12.01"]
[Round "4"]
[White "Ferri, Stefano"]
[Black "Fratini, Mauro"]
[Result "1-0"]
[WhiteElo "2178"]
[BlackElo "1979"]
[PlyCount "93"]
[EventDate "2007.11.24"]
[EventType "swiss"]
[EventRounds "6"]
[EventCountry "ITA"]
[SourceTitle "EXT 2010"]
[Source "ChessBase"]
[SourceDate "2010.11.25"]
[SourceVersion "1"]
[SourceVersionDate "2010.11.25"]
[SourceQuality "1"]

1. Nf3 e6 2. g3 Nf6 3. Bg2 d5 4. 0-0 Nbd7 5. d4 c5 6. c4 cxd4 7. cxd5 Nxd5 8. Nxd4 N7f6 9. e4 Nb6 10. Bf4 a6 11. a4 Bd7 12. Nc3 Bb4 13. a5 Bxc3 14. bxc3 Nc4 15. e5 Nd5 16. Bxd5 exd5 17. Qf3 Bh3 18. Rfe1 0-0 19. Qh5 Qd7 20. f3 Be6 21. Bg5 Bf5 22. g4 Bg6 23. Qh4 Nxe5 24. Rxe5 f6 25. Re3 fxg5 26. Qxg5 Rae8 27. Rae1 Rxe3 28. Rxe3 Re8 29. Rxe8+ Bxe8 30. Qe5 Qf7 31. Nf5 Bc6 32. h4 h6 33. Kf2 Kh7 34. Ke3 Qf8 35. Kd4 Qf7 36. h5 Qf6 37. Qxf6 gxf6 38. Ne7 Bd7 39. Kxd5 Kg7 40. Kd6 Bb5 41. Nf5+ Kh7 42. Nd4 Bc4 43. Ke7 Bd5 44. Kxf6 b6 45. Ke5 Bb7 46. axb6 a5 47. Kd6 1-0

[Event "Rome op"]
[Site "Rome"]
[Date "2007.11.01"]
[Round "4"]
[White "Ferri, Stefano"]
[Black "Castelfranchi, Carlo"]
[Result "1/2-1/2"]
[WhiteElo "2156"]
[BlackElo "2083"]
[PlyCount "74"]
[EventDate "2007.10.29"]
[EventType "swiss"]
[EventRounds "9"]
[EventCountry "ITA"]
[SourceTitle "EXT 2009"]
[Source "ChessBase"]
[SourceDate "2008.11.26"]
[SourceVersion "1"]
[SourceVersionDate "2008.11.26"]
[SourceQuality "1"]

1. Nf3 Nf6 2. g3 g6 3. Bg2 Bg7 4. 0-0 0-0 5. d4 d5 6. Ne5 c5 7. dxc5 Qc7 8. Nd3 Ne4 9. Nd2 Bf5 10. Nb3 Nd7 11. c3 e5 12. Be3 a5 13. a4 Rfc8 14. g4 Be6 15. g5 d4 16. cxd4 Bxb3 17. Qxb3 exd4 18. Bf4 Nexc5 19. Qb5 Ne5 20. Qxc5 Qxc5 21. Nxc5 Rxc5 22. Rac1 Rxc1 23. Rxc1 b6 24. b3 Rd8 25. Bg3 h6 26. h4 hxg5 27. hxg5 Kf8 28. Bh3 d3 29. exd3 Nxd3 30. Rc6 Bd4 31. Bf1 Bc5 32. Bc7 Rd5 33. Bxd3 Rxd3 34. Bxb6 Bb4 35. Bc5+ Ke8 36. Bxb4 axb4 37. Rb6 Rxb3 1/2-1/2

[Event "Prati di Tivo Gran Sasso op"]
[Site "Prati di Tivo"]
[Date "2006.09.06"]
[Round "5"]
[White "Ferri, Stefano"]
[Black "Scipioni, Gaetano"]
[Result "1/2-1/2"]
[WhiteElo "2121"]
[BlackElo "2070"]
[PlyCount "84"]
[EventDate "2006.09.03"]
[EventType "swiss"]
[EventRounds "6"]
[EventCountry "ITA"]
[SourceTitle "EXT 2024"]
[Source "ChessBase"]
[SourceDate "2023.10.10"]
[SourceVersion "1"]
[SourceVersionDate "2023.10.10"]
[SourceQuality "1"]

1. d4 d5 2. Nf3 c6 3. c4 e6 4. Nc3 dxc4 5. a4 Bb4 6. Ne5 b5 7. e3 Nf6 8. Bd2 Bb7 9. axb5 Bxc3 10. Bxc3 cxb5 11. b3 a5 12. bxc4 b4 13. Bb2 Nbd7 14. Qa4 0-0 15. Nc6 Qc7 16. Nxa5 Rfb8 17. c5 Ra7 18. c6 Nb6 19. Qb5 Ba6 20. Qe5 Qxe5 21. dxe5 Bxf1 22. exf6 Bb5 23. Bd4 Ra6 24. fxg7 Nd5 25. Be5 Rc8 26. Kd2 f6 27. Bd6 Kxg7 28. e4 Nb6 29. Bxb4 Bxc6 30. Nxc6 Rxa1 31. Rxa1 Rxc6 32. Ra7+ Kg6 33. Bf8 Rc8 34. Rg7+ Kh6 35. Rb7+ Rxf8 36. Rxb6 e5 37. Ke3 Kg5 38. Rb7 Kg6 39. g4 h5 40. Kf3 Ra8 41. Kg3 Ra3+ 42. f3 h4+ 1/2-1/2

[Event "Porto San Giorgio op 15th"]
[Site "Porto San Giorgo"]
[Date "2003.08.25"]
[Round "5"]
[White "Piva, Giorgio"]
[Black "Ferri, Stefano"]
[Result "1/2-1/2"]
[WhiteElo "2165"]
[BlackElo "2069"]
[PlyCount "80"]
[EventDate "2003.08.21"]
[EventType "swiss"]
[EventRounds "9"]
[EventCountry "ITA"]
[SourceTitle "CBM 095 Extra"]
[Source "ChessBase"]
[SourceDate "2003.09.04"]
[SourceVersion "1"]
[SourceVersionDate "2003.09.04"]
[SourceQuality "1"]

1. d4 Nf6 2. Bg5 Ne4 3. Bf4 c5 4. f3 Nf6 5. dxc5 Qa5+ 6. Qd2 Qxc5 7. e4 d6 8. Nc3 Bd7 9. 0-0-0 g6 10. h4 Bg7 11. Be3 Qc8 12. Nge2 b5 13. Kb1 h5 14. Nf4 b4 15. Ncd5 Nxd5 16. exd5 Bf5 17. Bd3 a5 18. Qf2 Be5 19. Bd4 Bxd3 20. Nxd3 Nd7 21. g4 Qc4 22. Nxe5 dxe5 23. b3 Qxd5 24. Bb2 Qe6 25. Qe2 a4 26. Qb5 axb3 27. axb3 hxg4 28. fxg4 Qxg4 29. Bxe5 Rh5 30. Qc6 Rd8 31. Bd4 Qe6 32. Qa4 Qd6 33. Bb2 Rd5 34. Rde1 Rc8 35. h5 Qc5 36. hxg6 Qxc2+ 37. Ka1 fxg6 38. Rh8+ Kf7 39. Rh7+ Kg8 40. Rh8+ Kf7 1/2-1/2

[Event "Porto San Giorgio op 15th"]
[Site "Porto San Giorgo"]
[Date "2003.08.23"]
[Round "3"]
[White "Ferri, Stefano"]
[Black "Ventura, Sergio"]
[Result "0-1"]
[WhiteElo "2069"]
[BlackElo "2173"]
[PlyCount "84"]
[EventDate "2003.08.21"]
[EventType "swiss"]
[EventRounds "9"]
[EventCountry "ITA"]
[SourceTitle "CBM 095 Extra"]
[Source "ChessBase"]
[SourceDate "2003.09.04"]
[SourceVersion "1"]
[SourceVersionDate "2003.09.04"]
[SourceQuality "1"]

1. d4 Nc6 2. Nf3 d5 3. Bf4 Nf6 4. e3 Nh5 5. Bg5 h6 6. Bh4 g5 7. Ne5 Nxe5 8. dxe5 Ng7 9. Bg3 Nf5 10. Nc3 c6 11. Be2 Bg7 12. e4 Nxg3 13. hxg3 d4 14. Nb1 Qa5+ 15. Nd2 Qxe5 16. Rh5 Be6 17. Bd3 0-0-0 18. f4 Qc7 19. Qf3 f6 20. f5 Bf7 21. Kf2 e6 22. Rhh1 Rhe8 23. Rae1 Kb8 24. b3 Bf8 25. e5 Bb4 26. Re2 exf5 27. Qxf5 Be6 28. Qh7 Bxd2 29. Qxc7+ Kxc7 30. Rxd2 fxe5 31. Rxh6 Bd5 32. Bf5 Rh8 33. Rh3 Kd6 34. g4 b5 35. a3 c5 36. Rg3 e4 37. Rd1 Ke5 38. Ke2 Rh2 39. Rf1 Rf8 40. Ra1 Kf4 41. Rh3 Rxg2+ 42. Kf1 Rxg4 0-1

[Event "ITA-ch sf"]
[Site "San Martino di Castrozza"]
[Date "2003.07.27"]
[Round "7"]
[White "Valenti, Giuseppe"]
[Black "Ferri, Stefano"]
[Result "1/2-1/2"]
[WhiteElo "2226"]
[BlackElo "2069"]
[PlyCount "67"]
[EventDate "2003.06.21"]
[EventType "swiss"]
[EventRounds "9"]
[EventCountry "ITA"]
[SourceTitle "EXT 2005"]
[Source "ChessBase"]
[SourceDate "2004.11.15"]
[SourceVersion "1"]
[SourceVersionDate "2004.11.15"]
[SourceQuality "1"]

1. e4 c6 2. d4 d5 3. Nd2 dxe4 4. Nxe4 Nd7 5. Bc4 Ngf6 6. Ng5 e6 7. Qe2 Nb6 8. Bb3 h6 9. N5f3 a5 10. c3 a4 11. Bc2 c5 12. dxc5 Bxc5 13. Ne5 Qc7 14. Ngf3 a3 15. b3 Nfd5 16. Bd2 Bd6 17. c4 Nb4 18. Bb1 Nd7 19. Ng4 h5 20. Ne3 Ne5 21. Nd4 Bd7 22. h3 Qc5 23. Bc3 b5 24. 0-0 Rc8 25. Bxb4 Qxb4 26. Nxb5 Bxb5 27. cxb5 Qf4 28. g3 Nf3+ 29. Kg2 Nh4+ 30. Kg1 Qf3 31. Qxf3 Nxf3+ 32. Kg2 Be5 33. Kxf3 Bxa1 34. Be4 1/2-1/2